banner-ar

TEXTBOOK OF PHYSIOLOGY / (Record no. 20020)

MARC details
000 -الفاتح
حقل البيانات ثابتة الطول 00481nam a2200193Ia 4500
008 - عناصر البيانات ثابتة الطول - معلومات عامة
حقل البيانات ثابتة الطول 140319s9999 xx 000 0 eng d
040 ## - مصدر الفهرسة
وكالة الفهرسة الأصلية GCL /
وكالة النسخ GCL
082 04 - رقم تصنيف ديوى العشرى
رقم التصنيف 612
رقم المادة S T
100 1# - المدخل الرئيسى - إسم شخصى
الإسم الشخصى PATERSON, COLIN
245 10 - بيان العنوان
العنوان TEXTBOOK OF PHYSIOLOGY /
بيان المسئوليه,etc PATERSON, COLIN
700 1# - المدخل الاضافى - اسم شخصى
الإسم الشخصى SMITH, DONALS EMSTIE
700 1# - المدخل الاضافى - اسم شخصى
الإسم الشخصى SCRATCHERD, THOMAS
260 ## - PUBLICATION, DISTRIBUTION, ETC. (IMPRINT)
تاريخ النشر أو التوزيع 1990
300 ## - الوصف المادى
التعداد 548\P
650 04 - المدخل الاضافى بالموضوع-مصطلح موضوعى
مصطلح موضوعي PHYSICIANS
650 04 - المدخل الاضافى بالموضوع-مصطلح موضوعى
مصطلح موضوعي PHYSIOLOGY
942 ## - عناصر المدخل الإضافي( كوها)
مصدر التصنيف او مخطط الترفيف Dewey Decimal Classification
Koha [default] item type كتاب
260 ## - PUBLICATION, DISTRIBUTION, ETC. (IMPRINT)
-- [S.N] :
-- ELBS ،
Holdings
حالة التراجع حالة الفقد حالة تلف ليس للاعارة المكان المؤقت الموقع الحالى تاريخ الاكتساب اجمالي اﻻعارات رقم الطلب الباركود تاريخ اخر مشاهدة تاريخ تفعيل السعر نوع وعاء كوها
        مكتبة القاهرة الكبرى مكتبة القاهرة الكبرى 03/26/2014   612\S T 37810 03/26/2014 03/26/2014 كتاب

Powered By

EGPV